000 00425nam a22001577a 4500
005 20251212123418.0
008 251212b |||||||| |||| 00| 0 eng d
037 _cTB
040 _aAL
_cAL
041 _2URD
_aURD
100 _aHaqani, Abdul Qayyum
_9856266
245 _aAsam Azam Abu Hanifa ke hairat angez waqiat
260 _c1990.
942 _2CC
_cTB
_n0
999 _c1466321
_d1466321